000
00316nam a22001337a 4500
020
_a
0596000960
082
_2
22
_a
005.133
100
_a
Lundh, Fredrik,
245
_a
Pylhon standard library /
250
_a
1st.
260
_a
Beijing,
_b
O'Reilly,
_c
c2001.
300
_a
xvi, 281p. ;
_b
ill. ;
_c
23 cm.
942
_2
ddc
_c
IT
999
_c
1320
_d
1320